A tehetséges gyerekek felkutatásának és fejlesztésének lehetőségei a szakoktatáson

Bibliographic Details
Main Author: Varga Ferenc
Other Authors: Tóth Gábor
Format: Thesis
Kulcsszavak:Tehetséggondozás
Szakmai oktatatás
Vendéglátás
Szakképzés
Pincér
Online Access:http://dolgozattar.uni-bge.hu/14505

MARC

LEADER 00000nta a2200000 i 4500
001 dolg14505
005 20180227170134.0
008 171218suuuu hu om 000 hun d
040 |a BGE Dolgozattár Repozitórium  |b hun 
041 |a hu 
100 1 |a Varga Ferenc 
245 1 2 |a A tehetséges gyerekek felkutatásának és fejlesztésének lehetőségei a szakoktatáson  |c Varga Ferenc  |h [elektronikus dokumentum] 
246 1 1 |a A tehetséges gyerekek felkutatásának és fejlesztésének lehetőségei a szakoktatáson 
695 |a Tehetséggondozás 
695 |a Szakmai oktatatás 
695 |a Vendéglátás  
695 |a Szakképzés 
695 |a Pincér 
700 1 |a Tóth Gábor  |e ths 
856 4 0 |u http://dolgozattar.uni-bge.hu/14505/1/Varga%20Ferenc%20%20szakdolgozat%20k%C3%A9sz.pdf  |z Dokumentum-elérés